00549pab a2200169 454500008004000000100002300040245007600063260000900139300001000148362001400158650001600172700001900188773004500207909000900252999001500261952010300276180718b1985 xxu||||| |||| 00| 0 eng d aBartlett, C.D.S.ha aIdentification of agricultural projects for an area in the gangas plain c1985 a545-9 aOct.-Dec. aAgriculture aRameshwa Singh aIndian Journal of Agricultural Economics a3607 c3607d3607 00104070aIIPAbIIPAd2018-07-19hVolume no: 40, Issue no: 4pAR3608r2018-07-19w2018-07-19yAR